Active 3rd Generation Kpop Girl Groups - Statistics

General Stats
  • This quiz has been taken 615 times
    238 since last reset
  • The average score is 5 of 9
Answer Stats
Hint Answer % Correct
Most popular song is 'Likey', fandom name is Once Twice
94%
Known for their songs Russian Roulette and Psycho Red Velvet
92%
Has a tiny discography - 22 songs in total Blackpink
91%
Became popular with the song starry night, their most popular song is HIP Mamamoo
84%
Became popular through the songs The Fifth Season (SSFWL), Nonstop and Dolphin Oh My Girl
56%
Used to be called Cosmic Girls WJSN
52%
Girl group with the longest time between debut and their first music show win, 1923 days Dreamcatcher
21%
Was supposed to have a comeback in April 2022, rumoured to disband at the end of August 2022 - now on hiatus to focus on individual activities but NOT disbanded. Laboum
3%
Mostly consists of child actors HI CUTIE
2%
No matching quizzes found
Score Distribution
Percent of People with Each Score
Percentile by Number Answered
Your Score History
You have not taken this quiz since the last reset